[Event "37. Copenhagen Open (Politiken Cup)"]
[Site "Elsinore"]
[Date "2015.08.01"]
[Round "9"]
[White "Smith, Thijmen"]
[Black "Fernandez, Daniel Howard"]
[Result "0-1"]
[WhiteElo "2252"]
[BlackElo "2472"]
[PlyCount "132"]
[EventDate "2015.07.25"]
[EventType "swiss"]
[EventRounds "10"]
[EventCountry "DEN"]
[Source "ChessBase"]
[SourceDate "2015.09.14"]

1. e4 Nf6 2. e5 Nd5 3. c4 Nb6 4. d4 d6 5. exd6 cxd6 6. Nc3 g6 7. Be3 Bg7 8. Rc1
O-O 9. Be2 d5 10. c5 Nc4 11. Bxc4 dxc4 12. Nge2 Nc6 13. O-O Qa5 14. b3 cxb3 15.
Qxb3 Qb4 16. Rfd1 Qxb3 17. axb3 Bf5 18. Ng3 Nb4 19. Nxf5 gxf5 20. d5 Rac8 21.
d6 exd6 22. Nb5 f4 23. Bxf4 Rxc5 24. Rxc5 dxc5 25. Nxa7 Ra8 26. Nb5 Nd3 27. Be3
Nb2 28. Re1 b6 29. h4 h5 30. Bg5 Nd3 31. Rd1 Be5 32. f3 Ra5 33. Rxd3 Rxb5 34.
Kf2 Ra5 35. Ke3 f6 36. Bf4 Bd4+ 37. Ke4 Kf7 38. g4 Ke6 39. Rd1 Rb5 40. Rb1 Rb4
41. Kd3 Be5 42. Bxe5 Kxe5 43. gxh5 Rxh4 44. Re1+ Kd5 45. Re8 Rxh5 46. Rd8+ Kc6
47. Rf8 Rd5+ 48. Ke4 Rd4+ 49. Kf5 Rb4 50. Rxf6+ Kd5 51. Rf8 Rxb3 52. f4 c4 53.
Rd8+ Kc5 54. Ke4 Rb1 55. Rc8+ Kb4 56. f5 Rf1 57. Rc6 b5 58. f6 Kb3 59. Rc5 Rxf6
60. Rxb5+ Kc2 61. Rb8 Rd6 62. Ke3 c3 63. Rc8 Rd7 64. Rc6 Re7+ 65. Kd4 Kd2 66.
Rh6 c2 0-1

[Event "37. Copenhagen Open (Politiken Cup)"]
[Site "Elsinore"]
[Date "2015.08.01"]
[Round "9"]
[White "Solberg, Joachim"]
[Black "Jepsen, Thomas Tange"]
[Result "1-0"]
[WhiteElo "2270"]
[BlackElo "2115"]
[PlyCount "43"]
[EventDate "2015.07.25"]
[EventType "swiss"]
[EventRounds "10"]
[EventCountry "DEN"]
[Source "ChessBase"]
[SourceDate "2015.09.14"]

1. e4 c6 2. d4 d5 3. Nc3 dxe4 4. Nxe4 Bf5 5. Ng3 Bg6 6. h4 h6 7. Nf3 Nd7 8. h5
Bh7 9. Bd3 Bxd3 10. Qxd3 e6 11. Bd2 Ngf6 12. O-O-O Be7 13. Qe2 Qc7 14. Ne5 c5
15. Nxd7 Qxd7 16. dxc5 Qa4 17. Kb1 O-O 18. Bc3 Nd5 19. Rxd5 exd5 20. Qxe7 d4
21. Qh4 Rad8 22. Nf5 1-0

[Event "37. Copenhagen Open (Politiken Cup)"]
[Site "Elsinore"]
[Date "2015.08.01"]
[Round "9"]
[White "Sorensen, Bernhard W"]
[Black "Borg, Flemming"]
[Result "1-0"]
[WhiteElo "1704"]
[BlackElo "1800"]
[PlyCount "119"]
[EventDate "2015.07.25"]
[EventType "swiss"]
[EventRounds "10"]
[EventCountry "DEN"]
[Source "ChessBase"]
[SourceDate "2015.09.14"]

1. d4 f5 2. Nc3 d6 3. Bg5 Nd7 4. Nf3 Ngf6 5. e3 h6 6. Bxf6 Nxf6 7. Bd3 c6 8.
Nh4 e6 9. Ng6 Rg8 10. Ne2 Qc7 11. c4 e5 12. dxe5 dxe5 13. Nxf8 Rxf8 14. Nc3 Be6
15. Be2 Kf7 16. Qc2 Rad8 17. O-O Kg8 18. Rad1 e4 19. b3 Nd7 20. Rd2 Ne5 21.
Rfd1 Rxd2 22. Rxd2 Rd8 23. Qd1 Rxd2 24. Qxd2 Kf7 25. h3 Qd7 26. Qxd7+ Bxd7 27.
Kf1 Ke6 28. Ke1 c5 29. Nd5 g5 30. Nc7+ Kd6 31. Nd5 Bc6 32. Nc3 f4 33. Bd1 Nd3+
34. Ke2 Ke5 35. Bc2 Nb4 36. Bb1 f3+ 37. gxf3 exf3+ 38. Ke1 b6 39. a3 Na6 40.
Bg6 Bd7 41. Bh5 Nc7 42. Bg4 Bf5 43. Bxf5 Kxf5 44. Kf1 h5 45. Kg1 a6 46. Na4 Na8
47. Nc3 Nc7 48. Na4 Na8 49. Nc3 Ke5 50. Kh2 h4 51. Nb1 Nc7 52. Nd2 b5 53. Nxf3+
Kf5 54. Nd2 Ne8 55. a4 b4 56. Kg2 Nf6 57. f3 Ke5 58. Kf2 Nd7 59. Ne4 Nf6 60.
Nxc5 1-0

[Event "37. Copenhagen Open (Politiken Cup)"]
[Site "Elsinore"]
[Date "2015.08.01"]
[Round "9"]
[White "Sorensen, Dick"]
[Black "Pedersen, Kim Michael"]
[Result "1/2-1/2"]
[WhiteElo "1911"]
[BlackElo "1764"]
[PlyCount "43"]
[EventDate "2015.07.25"]
[EventType "swiss"]
[EventRounds "10"]
[EventCountry "DEN"]
[Source "ChessBase"]
[SourceDate "2015.09.14"]

1. c4 Nf6 2. Nc3 g6 3. e4 d6 4. d4 c5 5. d5 Bg7 6. Bd3 Ng4 7. h3 Ne5 8. f4
Nxd3+ 9. Qxd3 f5 10. Nf3 Na6 11. e5 e6 12. O-O Nb4 13. Qd1 O-O 14. a3 Na6 15.
Rb1 b6 16. Re1 Re8 17. Nb5 Bf8 18. exd6 Bxd6 19. dxe6 Be7 20. Qe2 Bf6 21. Rd1
Qe7 22. Bd2 1/2-1/2

[Event "37. Copenhagen Open (Politiken Cup)"]
[Site "Elsinore"]
[Date "2015.08.01"]
[Round "9"]
[White "Sorensen, John K"]
[Black "Jorgensen, Morten"]
[Result "1-0"]
[WhiteElo "1792"]
[BlackElo "1602"]
[PlyCount "55"]
[EventDate "2015.07.25"]
[EventType "swiss"]
[EventRounds "10"]
[EventCountry "DEN"]
[Source "ChessBase"]
[SourceDate "2015.09.14"]

1. d4 Nf6 2. Nf3 g6 3. Bf4 d5 4. e3 c5 5. c3 Qb6 6. Qb3 Qxb3 7. axb3 cxd4 8.
exd4 Nc6 9. Na3 Bd7 10. Nb5 Kd8 11. Bd3 Ne8 12. Ng5 Be6 13. O-O a6 14. Rfe1 Kd7
15. Nxe6 fxe6 16. Re2 Rc8 17. Na3 Bg7 18. Rae1 e5 19. dxe5 e6 20. Nc2 Rf8 21.
Bd2 Nxe5 22. Rxe5 Bxe5 23. Rxe5 Kd6 24. Re2 e5 25. c4 e4 26. Bxe4 dxe4 27. Bb4+
Rc5 28. Rd2+ 1-0

[Event "37. Copenhagen Open (Politiken Cup)"]
[Site "Elsinore"]
[Date "2015.08.01"]
[Round "9"]
[White "Stam, Bart"]
[Black "Petersen, Rasmus"]
[Result "1/2-1/2"]
[WhiteElo "1946"]
[BlackElo "1727"]
[PlyCount "61"]
[EventDate "2015.07.25"]
[EventType "swiss"]
[EventRounds "10"]
[EventCountry "DEN"]
[Source "ChessBase"]
[SourceDate "2015.09.14"]

1. e4 d5 2. exd5 Qxd5 3. Nc3 Qa5 4. g3 Nf6 5. Bg2 c6 6. Nge2 Bf5 7. b4 Qc7 8.
O-O e6 9. Rb1 Be7 10. d3 O-O 11. Bf4 Bd6 12. Bg5 Be7 13. b5 h6 14. Be3 Nd5 15.
Nxd5 exd5 16. Qd2 Be6 17. f4 Qd7 18. f5 Bxf5 19. Nd4 Bg6 20. Ne2 cxb5 21. Nf4
d4 22. Nxg6 fxg6 23. Bxh6 Nc6 24. Bg5 Rxf1+ 25. Rxf1 Rf8 26. Rxf8+ Kxf8 27.
Qf4+ Qf5 28. Bxe7+ Kxe7 29. Qc7+ Qd7 30. Qf4 Qe6 31. Qc7+ 1/2-1/2

[Event "37. Copenhagen Open (Politiken Cup)"]
[Site "Elsinore"]
[Date "2015.08.01"]
[Round "9"]
[White "Steenstrup, Svend"]
[Black "Heinis, Vincent"]
[Result "1/2-1/2"]
[WhiteElo "1914"]
[BlackElo "2094"]
[PlyCount "36"]
[EventDate "2015.07.25"]
[EventType "swiss"]
[EventRounds "10"]
[EventCountry "DEN"]
[Source "ChessBase"]
[SourceDate "2015.09.14"]

1. e4 c5 2. Nf3 e6 3. d4 cxd4 4. Nxd4 Nc6 5. Be3 Nf6 6. Nd2 d5 7. Bb5 Bd7 8.
Bxc6 bxc6 9. e5 Ng8 10. c4 c5 11. Nb5 Qb8 12. Nd6+ Bxd6 13. exd6 Qxd6 14. Ne4
Qe5 15. Nxc5 Bc6 16. cxd5 Qxd5 17. Qxd5 Bxd5 18. O-O Nf6 1/2-1/2

[Event "37. Copenhagen Open (Politiken Cup)"]
[Site "Elsinore"]
[Date "2015.08.01"]
[Round "9"]
[White "Strand, Kjetil"]
[Black "Helin, Mikael"]
[Result "1-0"]
[WhiteElo "2035"]
[BlackElo "1896"]
[PlyCount "97"]
[EventDate "2015.07.25"]
[EventType "swiss"]
[EventRounds "10"]
[EventCountry "DEN"]
[Source "ChessBase"]
[SourceDate "2015.09.14"]

1. e4 c5 2. Nf3 a6 3. d4 cxd4 4. Nxd4 e6 5. Nc3 Qc7 6. g3 Nc6 7. Bg2 Ne5 8. O-O
h5 9. Bf4 f6 10. Re1 g5 11. Bxe5 fxe5 12. Nf3 Be7 13. Qd3 h4 14. gxh4 g4 15.
Nd2 Rxh4 16. Qg3 Nh6 17. Nf3 gxf3 18. Qg6+ Nf7 19. Bxf3 Rh6 20. Qg8+ Bf8 21.
Re3 Qd8 22. Qg2 Rh7 23. Bg4 b5 24. Rd1 Bh6 25. Red3 Rg7 26. Kf1 b4 27. Na4 a5
28. Ke1 d6 29. Qh3 Qf6 30. Nb6 Rb8 31. Nc4 d5 32. Rf3 Bf4 33. exd5 Ke7 34. Nxa5
Ng5 35. Nc6+ Kd6 36. dxe6+ Kxc6 37. Rc3+ Kb7 38. Qd3 bxc3 39. Qd5+ Ka7 40. Qa5+
Ba6 41. Rd6 Bd2+ 42. Kd1 Rxb2 43. Rxa6+ Kb7 44. Ra7+ Kc6 45. Qa6+ Kd5 46. Qd3+
Kc6 47. Qc4+ Kd6 48. Ra6+ Ke7 49. Qc7+ 1-0

[Event "37. Copenhagen Open (Politiken Cup)"]
[Site "Elsinore"]
[Date "2015.08.01"]
[Round "9"]
[White "Stray, Gunnar"]
[Black "Hogeman, Joel"]
[Result "1-0"]
[WhiteElo "2075"]
[BlackElo "1946"]
[PlyCount "63"]
[EventDate "2015.07.25"]
[EventType "swiss"]
[EventRounds "10"]
[EventCountry "DEN"]
[Source "ChessBase"]
[SourceDate "2015.09.14"]

1. d4 Nf6 2. Nf3 d5 3. g3 e6 4. Bg2 Be7 5. O-O O-O 6. c4 dxc4 7. Ne5 Nc6 8.
Nxc6 bxc6 9. Nc3 Nd5 10. Qa4 Nb6 11. Qxc6 Rb8 12. Qe4 Bb7 13. Qe3 Bxg2 14. Kxg2
Nd5 15. Qf3 c5 16. dxc5 Bxc5 17. Rd1 Qb6 18. Na4 Qb5 19. Nxc5 Qxc5 20. e4 Nb4
21. Be3 Qb5 22. Bxa7 Ra8 23. a4 Qc6 24. Bd4 Nc2 25. Bxg7 Nxa1 26. Bf6 h5 27.
Qf4 Kh7 28. Rd5 Qxd5 29. exd5 Rg8 30. Qe4+ Rg6 31. dxe6 Rxa4 32. exf7 1-0

[Event "37. Copenhagen Open (Politiken Cup)"]
[Site "Elsinore"]
[Date "2015.08.01"]
[Round "9"]
[White "Stuhr, Peter Sebastian"]
[Black "Eriksson, Kristian"]
[Result "1/2-1/2"]
[WhiteElo "1999"]
[BlackElo "2164"]
[PlyCount "85"]
[EventDate "2015.07.25"]
[EventType "swiss"]
[EventRounds "10"]
[EventCountry "DEN"]
[Source "ChessBase"]
[SourceDate "2015.09.14"]

1. Nc3 Nf6 2. e4 e5 3. Bc4 Nc6 4. d3 Bb4 5. f4 d5 6. exd5 Nxd5 7. Nge2 Bg4 8.
Qd2 Bxc3 9. bxc3 exf4 10. Nxf4 Qh4+ 11. g3 Qe7+ 12. Kf2 Nxf4 13. Re1 Ne6 14. d4
O-O-O 15. Qe3 Qf6+ 16. Kg2 Ne7 17. Rf1 Qg6 18. h3 Bf5 19. g4 h5 20. g5 Bxc2 21.
Kh2 Kb8 22. Qe5 Be4 23. Qg3 h4 24. Qf2 Nxg5 25. Bxg5 Qxg5 26. Rg1 Qf6 27. Qxf6
gxf6 28. Bxf7 Bd5 29. Bxd5 Nxd5 30. c4 Ne3 31. d5 Nxc4 32. Rac1 Ne3 33. Rg7
Nxd5 34. Rcg1 a5 35. Rf7 Rhg8 36. Rd1 Kc8 37. Rh7 Nb4 38. Rc1 Rd2+ 39. Kh1 c6
40. a4 Nd3 41. Rxc6+ bxc6 42. Rc7+ Kd8 43. Rd7+ 1/2-1/2

[Event "37. Copenhagen Open (Politiken Cup)"]
[Site "Elsinore"]
[Date "2015.08.01"]
[Round "9"]
[White "Subramanian, Aditya"]
[Black "Andersen, Claus"]
[Result "1-0"]
[WhiteElo "1942"]
[BlackElo "1773"]
[PlyCount "107"]
[EventDate "2015.07.25"]
[EventType "swiss"]
[EventRounds "10"]
[EventCountry "DEN"]
[Source "ChessBase"]
[SourceDate "2015.09.14"]

1. d4 Nf6 2. c4 g6 3. Nc3 d5 4. Bg5 Bg7 5. Bxf6 Bxf6 6. cxd5 c6 7. e4 cxd5 8.
Bb5+ Bd7 9. Bxd7+ Nxd7 10. Nxd5 Bg7 11. Ne2 e6 12. Ndc3 O-O 13. O-O Nb6 14. Qd3
Rc8 15. Rac1 a6 16. b3 Qd7 17. Qe3 Rc6 18. Rfd1 Rd8 19. g3 Rd6 20. e5 Rc6 21.
Ne4 Nd5 22. Qd2 Rdc8 23. Rxc6 Rxc6 24. Nf4 Nxf4 25. Qxf4 Rc2 26. a4 Qc7 27. h4
h5 28. Rd3 Qe7 29. Rf3 Rc7 30. Nd6 Qd7 31. g4 hxg4 32. Qxg4 Qd8 33. Kg2 Bf8 34.
Ne4 Bg7 35. Nf6+ Bxf6 36. exf6 Qd5 37. Qg5 Qxg5+ 38. hxg5 Kf8 39. Rd3 Ke8 40.
Kf3 Rc2 41. Ke3 Rb2 42. f3 Kd7 43. Rc3 b6 44. Kd3 Rf2 45. Kc4 Rg2 46. f4 Rf2
47. Rh3 Rxf4 48. Rh7 Ke8 49. Rh8+ Kd7 50. Rf8 e5 51. Rxf7+ Kc6 52. Rg7 Rxd4+
53. Kc3 Re4 54. f7 1-0

[Event "37. Copenhagen Open (Politiken Cup)"]
[Site "Elsinore"]
[Date "2015.08.01"]
[Round "9"]
[White "Svendsen, Peter"]
[Black "Fossan, Benjamin"]
[Result "1/2-1/2"]
[WhiteElo "1969"]
[BlackElo "1697"]
[PlyCount "53"]
[EventDate "2015.07.25"]
[EventType "swiss"]
[EventRounds "10"]
[EventCountry "DEN"]
[Source "ChessBase"]
[SourceDate "2015.09.14"]

1. d4 Nf6 2. c4 g6 3. Nc3 d5 4. Nf3 Bg7 5. g3 O-O 6. Bg2 c5 7. dxc5 dxc4 8. O-O
Qa5 9. Qd4 Na6 10. Qxc4 Qxc5 11. Qh4 Qh5 12. Qxh5 Nxh5 13. Rd1 Nc5 14. Be3 Ne6
15. Nd5 Bxb2 16. Rab1 Ba3 17. Nd4 Nxd4 18. Rxd4 Ng7 19. Ra4 Bd6 20. Nb6 Bf5 21.
Nxa8 Bxb1 22. Bxb7 Rb8 23. Bf3 Rb2 24. Rc4 Ne6 25. a4 Rc2 26. Rxc2 Bxc2 27.
Bxa7 1/2-1/2

[Event "37. Copenhagen Open (Politiken Cup)"]
[Site "Elsinore"]
[Date "2015.08.01"]
[Round "9"]
[White "Taksrud, Vidar"]
[Black "Undheim, Bjarne"]
[Result "1-0"]
[WhiteElo "2048"]
[BlackElo "1899"]
[PlyCount "185"]
[EventDate "2015.07.25"]
[EventType "swiss"]
[EventRounds "10"]
[EventCountry "DEN"]
[Source "ChessBase"]
[SourceDate "2015.09.14"]

1. Nf3 d5 2. g3 Nf6 3. Bg2 Bf5 4. d4 e6 5. c4 c6 6. Nc3 Nbd7 7. cxd5 exd5 8.
Bf4 Be7 9. O-O Ne4 10. Nxe4 Bxe4 11. Qb3 Qb6 12. Nd2 Qxb3 13. Nxb3 Bxg2 14.
Kxg2 O-O 15. Na5 g5 16. Bd2 Rab8 17. b4 Bd8 18. Nb3 Nb6 19. Nc5 Re8 20. e3 Nc4
21. Bc3 Be7 22. Nd3 Bf6 23. a4 a6 24. Rfb1 b6 25. Rc1 Rec8 26. g4 Be7 27. Rab1
Re8 28. Be1 Bf8 29. Rb3 b5 30. a5 Bd6 31. h3 Re6 32. Bc3 Rbe8 33. Ne1 Kg7 34.
Nf3 Kg6 35. h4 gxh4 36. Rh1 Be7 37. Nxh4+ Bxh4 38. Rxh4 Kg7 39. Rb1 Rh6 40.
Rxh6 Kxh6 41. Rh1+ Kg6 42. Rh5 Re4 43. Kg3 f6 44. Rf5 Re6 45. Kf3 Nd6 46. Rh5
Ne4 47. Be1 Ng5+ 48. Ke2 Nf7 49. f3 Nd6 50. Bg3 Nc4 51. Bf4 Kg7 52. Kf2 Nb2 53.
Ke2 Nc4 54. Rh2 Re8 55. Kd3 Re6 56. e4 dxe4+ 57. fxe4 Re8 58. Bh6+ Kg6 59. Bc1
Rd8 60. Rh6+ Kg7 61. Rh4 Ne5+ 62. Ke3 Nc4+ 63. Kd3 Ne5+ 64. Ke3 Nc4+ 65. Kf4
Rxd4 66. g5 fxg5+ 67. Kxg5 Rd6 68. Kg4 Re6 69. Kf3 c5 70. bxc5 Nxa5 71. Bb2+
Kg8 72. Rg4+ Rg6 73. Rf4 Nc6 74. e5 a5 75. Ke4 Nb4 76. Bc3 Nc6 77. Be1 b4 78.
Kd5 Nd8 79. Kc4 Re6 80. Bg3 h5 81. Rf5 Rg6 82. Bf4 h4 83. Bg5 Ne6 84. Bf6 h3
85. c6 h2 86. Rh5 Rg4+ 87. Kb5 Nd4+ 88. Ka4 Nxc6 89. e6 Rg7 90. Rxh2 Ne7 91.
Kxa5 b3 92. Ka4 b2 93. Bxb2 1-0

[Event "37. Copenhagen Open (Politiken Cup)"]
[Site "Elsinore"]
[Date "2015.08.01"]
[Round "9"]
[White "Tarjan, James Edward"]
[Black "Nielsen, Lars Aaes"]
[Result "1-0"]
[WhiteElo "2490"]
[BlackElo "2201"]
[PlyCount "87"]
[EventDate "2015.07.25"]
[EventType "swiss"]
[EventRounds "10"]
[EventCountry "DEN"]
[Source "ChessBase"]
[SourceDate "2015.09.14"]

1. c4 e6 2. Nc3 d5 3. d4 Nf6 4. Nf3 Be7 5. Bf4 c6 6. e3 Nbd7 7. Bd3 dxc4 8.
Bxc4 Nd5 9. Bg3 Qa5 10. Qb3 N7b6 11. O-O Nxc4 12. Qxc4 Qb4 13. Qxb4 Bxb4 14.
Ne4 Nf6 15. Nxf6+ gxf6 16. a3 Be7 17. Nd2 b6 18. Ne4 Bb7 19. Nd6+ Bxd6 20. Bxd6
Rg8 21. f3 Rd8 22. Bg3 Ke7 23. Rad1 Ba6 24. Rfe1 c5 25. dxc5 bxc5 26. Bc7 Rd7
27. Ba5 Rxd1 28. Rxd1 Be2 29. Rc1 Bxf3 30. g3 Rb8 31. b4 Rb5 32. a4 Rxa5 33.
bxa5 Kd6 34. Kf2 Be4 35. Ke2 Bc6 36. Rc4 f5 37. Rh4 h6 38. Rxh6 Bxa4 39. Rh7
Be8 40. Rh8 Bb5+ 41. Kd2 a6 42. h4 Ke5 43. h5 Kf6 44. Rg8 1-0

[Event "37. Copenhagen Open (Politiken Cup)"]
[Site "Elsinore"]
[Date "2015.08.01"]
[Round "9"]
[White "Tenold, Andreas"]
[Black "Maechel, Michael"]
[Result "0-1"]
[WhiteElo "1423"]
[BlackElo "1738"]
[PlyCount "98"]
[EventDate "2015.07.25"]
[EventType "swiss"]
[EventRounds "10"]
[EventCountry "DEN"]
[Source "ChessBase"]
[SourceDate "2015.09.14"]

1. e4 e5 2. Nf3 Nf6 3. Nxe5 d6 4. Nf3 Nxe4 5. d3 Nf6 6. Nc3 Be7 7. Be2 O-O 8.
O-O Nc6 9. Be3 d5 10. d4 Bg4 11. Re1 Bb4 12. Qd3 Qd7 13. a3 Bf5 14. Qd1 Bxc3
15. bxc3 Ne4 16. c4 Nc3 17. Qd2 Nxe2+ 18. Qxe2 Bg4 19. h3 Bxf3 20. Qxf3 dxc4
21. Qg3 Rfe8 22. Rad1 Ne7 23. Qf3 Nd5 24. Rb1 c6 25. Rbc1 c3 26. Qg3 Re6 27.
Rcd1 Rae8 28. Rd3 Rg6 29. Qf3 Qd6 30. Ra1 b5 31. Rdd1 Ree6 32. Re1 h6 33. Qd1
Nxe3 34. fxe3 Qg3 35. Qe2 Rxe3 36. Qf1 Qxh3 37. Qf2 Reg3 38. Re2 Rxg2+ 39. Qxg2
Rxg2+ 40. Rxg2 Qe3+ 41. Kh1 Qxd4 42. Rag1 a5 43. Rg3 b4 44. axb4 axb4 45. Rd3
Qh4+ 46. Kg2 c5 47. Rf1 c4 48. Rg3 Qe4+ 49. Rgf3 b3 0-1

[Event "37. Copenhagen Open (Politiken Cup)"]
[Site "Elsinore"]
[Date "2015.08.01"]
[Round "9"]
[White "Thor, Gudmundur Sverrir"]
[Black "Jarlnaes, Erik"]
[Result "0-1"]
[WhiteElo "2032"]
[BlackElo "1892"]
[PlyCount "68"]
[EventDate "2015.07.25"]
[EventType "swiss"]
[EventRounds "10"]
[EventCountry "DEN"]
[Source "ChessBase"]
[SourceDate "2015.09.14"]

1. e4 e6 2. d4 d5 3. Nc3 Bb4 4. e5 c5 5. a3 Bxc3+ 6. bxc3 Nc6 7. Nf3 Nge7 8.
Bd3 c4 9. Be2 Qa5 10. Bd2 Bd7 11. Qb1 f6 12. exf6 gxf6 13. Qb2 Qc7 14. Nh4
O-O-O 15. a4 e5 16. Qa3 Nf5 17. Nxf5 Bxf5 18. Qb2 Rhg8 19. g3 Qe7 20. Kd1 exd4
21. cxd4 Qe4 22. f3 Qxd4 23. Qxd4 Nxd4 24. Ra2 Rge8 25. Re1 Nxe2 26. Rxe2 Rxe2
27. Kxe2 d4 28. Bf4 Bxc2 29. Kd2 Bb3 30. Ra1 Rd5 31. a5 a6 32. h4 Rd7 33. Re1
Kd8 34. Re6 c3+ 0-1

[Event "37. Copenhagen Open (Politiken Cup)"]
[Site "Elsinore"]
[Date "2015.08.01"]
[Round "9"]
[White "Thybo, Jan"]
[Black "Skovgaard, Emil"]
[Result "0-1"]
[WhiteElo "1352"]
[BlackElo "1657"]
[PlyCount "40"]
[EventDate "2015.07.25"]
[EventType "swiss"]
[EventRounds "10"]
[EventCountry "DEN"]
[Source "ChessBase"]
[SourceDate "2015.09.14"]

1. e4 c5 2. Nc3 d6 3. g3 Nc6 4. Bg2 Nf6 5. Nge2 g6 6. d4 cxd4 7. Nxd4 Bg7 8.
Nxc6 bxc6 9. O-O Bd7 10. Rb1 O-O 11. Ne2 Qc8 12. b4 Bh3 13. f3 Bxg2 14. Kxg2 a5
15. a3 axb4 16. Rxb4 Qc7 17. c4 Nd7 18. Qb3 Nc5 19. Qa2 Qa5 20. Nf4 Qxb4 0-1

[Event "37. Copenhagen Open (Politiken Cup)"]
[Site "Elsinore"]
[Date "2015.08.01"]
[Round "9"]
[White "Thybo, Jesper Sondergaard"]
[Black "Rasmussen, Allan Stig"]
[Result "1/2-1/2"]
[WhiteElo "2255"]
[BlackElo "2502"]
[PlyCount "89"]
[EventDate "2015.07.25"]
[EventType "swiss"]
[EventRounds "10"]
[EventCountry "DEN"]
[Source "ChessBase"]
[SourceDate "2015.09.14"]

1. d4 f5 2. Nf3 d6 3. c4 Nf6 4. Bg5 Nbd7 5. Nc3 g6 6. Qc2 Bg7 7. e4 fxe4 8.
Nxe4 Nxe4 9. Qxe4 Nf6 10. Bxf6 Bxf6 11. Bd3 Bf5 12. Qe3 Qd7 13. O-O O-O 14.
Rfe1 a6 15. Nd2 Rae8 16. Ne4 Bg7 17. Ng3 e6 18. h4 Bxd3 19. Qxd3 Rf4 20. Re4
Rxe4 21. Nxe4 d5 22. Ng5 dxc4 23. Qf3 Rf8 24. Qxb7 Bxd4 25. Rf1 Qd6 26. Qe4 e5
27. Qg4 h5 28. Qe4 Kg7 29. Nf3 Rf4 30. Qe2 e4 31. Nxd4 Qxd4 32. Rc1 Qd3 33. Qe3
Rf5 34. b3 Qxe3 35. fxe3 cxb3 36. Rxc7+ Kh6 37. axb3 Rb5 38. Rc3 Kg7 39. Kf2
Kf6 40. Rc6+ Kf5 41. Rxa6 Rxb3 42. Ra5+ Kf6 43. Ra6+ Kf5 44. Ra5+ Kf6 45. Ra6+
1/2-1/2

[Event "37. Copenhagen Open (Politiken Cup)"]
[Site "Elsinore"]
[Date "2015.08.01"]
[Round "9"]
[White "Tryggestad, Andreas Garberg"]
[Black "Andersen, Rune Egede"]
[Result "1-0"]
[WhiteElo "2204"]
[BlackElo "2028"]
[PlyCount "69"]
[EventDate "2015.07.25"]
[EventType "swiss"]
[EventRounds "10"]
[EventCountry "DEN"]
[Source "ChessBase"]
[SourceDate "2015.09.14"]

1. e4 c5 2. c3 Nf6 3. e5 Nd5 4. Nf3 Nc6 5. Bc4 Nb6 6. Bb3 c4 7. Bc2 Qc7 8. Qe2
g5 9. Nxg5 Qxe5 10. Qxe5 Nxe5 11. f4 h6 12. Ne4 Ng6 13. d4 d5 14. Ng3 h5 15. f5
Nh4 16. O-O Rg8 17. Na3 Bd7 18. Rf4 e5 19. Rxh4 exd4 20. cxd4 O-O-O 21. Bd2 Be7
22. Rxh5 Rg4 23. Bc3 Na4 24. Bd1 Rxg3 25. Bxa4 Rd3 26. Bxd7+ Kxd7 27. Nc2 Rg8
28. Kf2 Rg4 29. g3 Re4 30. Re1 Rxe1 31. Kxe1 b5 32. a3 Kc6 33. Ke2 Kb6 34. Ne1
b4 35. axb4 1-0

[Event "37. Copenhagen Open (Politiken Cup)"]
[Site "Elsinore"]
[Date "2015.08.01"]
[Round "9"]
[White "Veng, Johny"]
[Black "Petersen, Martin Reib"]
[Result "1/2-1/2"]
[WhiteElo "2294"]
[BlackElo "2122"]
[PlyCount "136"]
[EventDate "2015.07.25"]
[EventType "swiss"]
[EventRounds "10"]
[EventCountry "DEN"]
[Source "ChessBase"]
[SourceDate "2015.09.14"]

1. d4 Nf6 2. c4 e5 3. d5 Bc5 4. e3 d6 5. Nc3 Bf5 6. Nge2 Qe7 7. h3 Nbd7 8. a3
a6 9. Ng3 Bg6 10. Qf3 e4 11. Qf4 Qe5 12. Qxe5+ Nxe5 13. b4 Ba7 14. Bb2 h5 15.
Be2 h4 16. Nf1 Bh5 17. Nd2 Nd3+ 18. Bxd3 exd3 19. Nce4 Nxe4 20. Nxe4 O-O 21.
Kd2 f5 22. Ng5 f4 23. Kxd3 fxe3 24. f3 b5 25. cxb5 Rf5 26. f4 Rxd5+ 27. Kc4 Rd2
28. Bc3 axb5+ 29. Kxb5 Rf2 30. Kc6 Bb6 31. Nf3 Rxg2 32. Nxh4 Rc2 33. Rhc1 Rxc3+
34. Rxc3 Bd4 35. Rcc1 Bxa1 36. Rxa1 e2 37. Kxc7 Rxa3 38. Re1 Rd3 39. b5 Rd1 40.
Ng2 Bf3 41. b6 Bxg2 42. Rxe2 Bh1 43. Rb2 Rd4 44. b7 Bxb7 45. Rxb7 Rxf4 46. Kxd6
Rf3 47. Ke5 Rxh3 48. Kf4 Ra3 49. Kg5 Ra5+ 50. Kg4 Kh7 51. Rb3 Kh6 52. Kg3 Kg5
53. Kg2 Ra4 54. Rb5+ Kg4 55. Rb3 Ra2+ 56. Kg1 g5 57. Rc3 Kh4 58. Rb3 g4 59. Rc3
Ra4 60. Rb3 g3 61. Rb8 Rf4 62. Rh8+ Kg4 63. Kg2 Rf2+ 64. Kg1 Rf5 65. Kg2 Kf4
66. Rh4+ Kg5 67. Kxg3 Rf3+ 68. Kxf3 Kxh4 1/2-1/2

[Event "37. Copenhagen Open (Politiken Cup)"]
[Site "Elsinore"]
[Date "2015.08.01"]
[Round "9"]
[White "Vestjord, Harald Christian"]
[Black "Holm, Henrik"]
[Result "0-1"]
[WhiteElo "1473"]
[BlackElo "1766"]
[PlyCount "92"]
[EventDate "2015.07.25"]
[EventType "swiss"]
[EventRounds "10"]
[EventCountry "DEN"]
[Source "ChessBase"]
[SourceDate "2015.09.14"]

1. d4 e6 2. c4 d5 3. Nc3 Nf6 4. e3 c5 5. dxc5 Bxc5 6. cxd5 exd5 7. Nf3 O-O 8.
Be2 a6 9. O-O Nc6 10. b3 Be6 11. Bb2 Qe7 12. Rc1 Rad8 13. Na4 Ba3 14. Bxa3 Qxa3
15. Bxa6 bxa6 16. Rxc6 Qxa2 17. Nd4 Bc8 18. Qc1 Bf5 19. Nxf5 Qxb3 20. Qa1 d4
21. Nxd4 Qd3 22. Qb1 Qd2 23. Qc1 Qd3 24. Qc2 Qa3 25. Rc3 Qd6 26. Rc1 Ng4 27. g3
Qh6 28. Nf3 Rfe8 29. Rc6 g6 30. Qc4 Nxf2 31. Qe2 Ng4 32. Re1 Rxe3 33. Qg2 Rxe1+
34. Nxe1 Qe3+ 35. Kf1 Rd2 36. Rc8+ Kg7 37. Qxd2 Qxd2 38. Rc2 Nxh2+ 39. Kg1
Qxe1+ 40. Kxh2 h5 41. Nc5 h4 42. gxh4 Qxh4+ 43. Kg2 Qg4+ 44. Kf2 Qf5+ 45. Ke3
Qxc2 46. Ne4 f5 0-1

[Event "37. Copenhagen Open (Politiken Cup)"]
[Site "Elsinore"]
[Date "2015.08.01"]
[Round "9"]
[White "Walton, Alan J"]
[Black "Jacobsen, Mikkel Manosri"]
[Result "1/2-1/2"]
[WhiteElo "2173"]
[BlackElo "2370"]
[PlyCount "55"]
[EventDate "2015.07.25"]
[EventType "swiss"]
[EventRounds "10"]
[EventCountry "DEN"]
[Source "ChessBase"]
[SourceDate "2015.09.14"]

1. d4 d5 2. c4 c6 3. Nf3 Nf6 4. Nc3 e6 5. Bg5 h6 6. Bh4 dxc4 7. e4 g5 8. Bg3 b5
9. h4 g4 10. Ne5 Bb7 11. Be2 Nbd7 12. O-O Rg8 13. b3 Bb4 14. Qc2 Bxc3 15. Qxc3
Nxe4 16. Qe3 Nxg3 17. fxg3 Nxe5 18. Qxe5 c5 19. Rxf7 Kxf7 20. Rf1+ Ke7 21.
Qxc5+ Qd6 22. Rf7+ Kxf7 23. Qxd6 c3 24. Qc7+ Kf6 25. Qe5+ Ke7 26. Qc7+ Kf6 27.
Qe5+ Ke7 28. Qc7+ 1/2-1/2